[Event "2024 New Year TNM: 2000+"]
[Site "San Francisco"]
[Date "2024.01.30"]
[Round "4.8"]
[White "Anderson, Michael Gene"]
[Black "Lewis, Edward"]
[Result "1/2-1/2"]
[WhiteElo "1905"]
[BlackElo "1977"]
[Annotator "Winslow,Elliott"]
[PlyCount "70"]
[EventDate "2024.01.09"]
[EventType "swiss"]
[EventRounds "7"]

1. e4 d6 2. d4 g6 3. Nc3 Bg7 4. Be3 a6 5. Nf3 Nf6 6. h3 b5 7. Bd3 Bb7 8. a3 ({Relevant:} 8. e5 Nd5 9. Nxd5 Bxd5 10. a4 b4 11. Qe2 O-O 12. O-O Nc6 13. Bc4 dxe5 14. dxe5 Bxf3 15. Qxf3 Nxe5 16. Qe4 Nxc4 17. Qxc4 a5 18. Rad1 Qc8 19. b3 e6 20. Rd3 Qa6 21. Qc5 Rfc8 22. Rfd1 Bf8 23. Qg5 Qc6 24. Qf6 Bg7 25. Rd8+ Rxd8 26. Rxd8+ Rxd8 27. Qxd8+ Bf8 28. Bh6 Qd6 29. Qa8 c5 30. Bxf8 Qxf8 31. Qxa5 Qd6 32. Qa8+ Kg7 33. Qe4 e5 34. a5 h5 35. a6 {½-½ Svidler,P (2683)-Aronian,L (2736) Airthings Play In Match Chess.com INT rapid 2023 (1.2)}) 8... O-O 9. O-O Nbd7 10. b4 (10. Re1 c5 (10... e5 11. d5 c6 12. dxc6 Bxc6 13. Qd2 Qc7 14. Bh6 Nc5 15. Bxg7 Kxg7 16. b4 Ne6 17. Bf1 Rfc8 18. a4 bxa4 19. Nd5 Bxd5 20. exd5 Nf8 21. c4 a5 22. Rxa4 axb4 23. Rxb4 N8d7 24. Reb1 Ra7 25. Ne1 Nc5 26. Qe3 Rca8 27. Nc2 Ra2 28. R4b2 Rxb2 29. Rxb2 Qa7 30. Be2 Rb8 31. Rxb8 Qxb8 32. Na3 Qb4 33. g3 Nb3 34. Nb5 Qe1+ 35. Kg2 Nd4 36. Nxd4 exd4 37. Qd3 Qa1 38. h4 h5 39. Qd2 Nd7 40. Bxh5 Ne5 41. Be2 d3 42. Bd1 Qd4 43. h5 Qxc4 44. f4 Qxd5+ 45. Kh2 Nf3+ 46. Bxf3 Qxf3 47. Qc3+ f6 48. h6+ Kxh6 49. Qxf6 Qe2+ 50. Kg1 Qe1+ 51. Kg2 Qe2+ 52. Kg1 Qd1+ 53. Kg2 Qc2+ 54. Kg1 Qb1+ 55. Kf2 Qa2+ 56. Kf1 Qb1+ 57. Kf2 Qc2+ 58. Kg1 Qc8 59. Qxd6 Qc1+ 60. Kg2 Qc2+ 61. Kh3 d2 62. Qf8+ Kh7 63. Qf7+ {½-½ Urazayev,A (2436)-Shimanov,A (2581) Aktobe Dvorkovich op 2023 (8)}) 11. d5 (11. e5 Bxf3 12. Qxf3 dxe5 13. dxc5 e4 14. Nxe4 Ne5 15. Qe2 Nxd3 16. cxd3 Nd5 17. Rac1 Rc8 18. d4 h6 19. Nc3 f5 20. Qf3 Nxc3 21. bxc3 g5 22. Bd2 Kh8 23. Re6 Qd7 24. Rce1 Bf6 25. Qxf5 Kg7 26. Qe4 Rf7 27. Rxa6 Rcf8 28. Re6 Qa7 29. Bc1 Qa5 30. Qc2 Qa8 31. R1e2 Qa5 32. Qd3 Qa4 33. c6 Qa7 34. Qxb5 Rb8 35. Qd3 Qc7 36. g3 Rb3 37. Kg2 Qa5 38. Bd2 Qxa3 39. c7 Qa8+ 40. Qe4 Qc8 41. Rc6 Rb7 42. Qe6 Rf8 43. Qxc8 Rxc8 44. h4 gxh4 45. gxh4 Rbxc7 46. Rxc7 Rxc7 47. h5 Kf7 48. Kf3 Ra7 49. Ke4 Ra5 50. d5 Ra4+ 51. Kd3 Rh4 52. f4 Rxh5 53. c4 Rh3+ 54. Ke4 h5 55. c5 h4 56. c6 Ra3 57. Be3 Ra8 58. Kf5 h3 59. Rh2 Rd8 60. Ke4 Rh8 61. c7 Ke8 62. Bd4 Kd7 63. Bxf6 exf6 64. Kf5 Kxc7 65. Kxf6 Kd6 66. Kg7 Rh5 67. Kg6 Rh8 68. f5 Kxd5 69. f6 Ke6 70. Kg7 Rh4 71. f7 Rg4+ 72. Kh6 Kxf7 73. Rxh3 Rg6+ 74. Kh5 Rf6 {½-½ Hou,Y (2632)-Harika,D (2509) Speed Chess (Women) Chess.com INT blitz 2023 (3.23)}) 11... e6 12. Bf4 Qe7 13. Bh2 Rfd8 14. Qc1 exd5 15. Nxd5 Nxd5 16. exd5 Qf6 17. c4 bxc4 18. Bxc4 Nb6 19. Nd2 Bxd5 20. Bxd5 Nxd5 21. Nc4 Nc7 22. Qd2 Nb5 23. Rad1 Rab8 24. b4 cxb4 25. axb4 Qc3 26. Qxc3 Bxc3 27. Re3 Bxb4 28. Red3 Rbc8 29. Nxd6 Bxd6 30. Bxd6 Nc3 31. R1d2 Ne4 32. Rd1 Nxd6 33. Rxd6 Rxd6 34. Rxd6 Ra8 35. Rd4 a5 36. Ra4 Kf8 37. Kf1 Ke7 38. Ke2 Kd6 39. Kd3 Kc5 40. Kc3 Kb5 41. Rf4 f5 42. g4 Rc8+ 43. Kb3 Rc5 44. Rd4 Kc6 45. Rd8 Rd5 46. Rc8+ Kb6 47. Kc4 Rd2 48. Rb8+ Kc6 49. gxf5 gxf5 50. Rc8+ Kb6 51. Rb8+ Kc7 52. Rh8 Rxf2 53. Rxh7+ Kd6 54. Kd4 Re2 55. Ra7 Re4+ 56. Kd3 a4 57. Rh7 Ke5 58. h4 a3 59. Kc2 f4 60. h5 f3 61. h6 Rh4 62. Rf7 Ke4 63. h7 Ke3 64. Kb3 f2 65. Re7+ Kd2 66. Rf7 Ke2 67. Re7+ Kd1 68. Rf7 Rh3+ 69. Ka2 Ke2 70. Re7+ Kf1 71. Rf7 Rh1 72. Kxa3 Ke2 73. Re7+ Kd3 74. Rf7 Ke3 75. Re7+ Kd4 76. Rf7 Rh3+ 77. Ka2 Ke3 78. Re7+ Kf3 79. Rf7+ Kg2 80. Rg7+ Kf1 81. Rf7 Rh2 82. Ka3 Ke2 83. Re7+ Kd2 84. Rf7 Ke3 85. Re7+ Kd3 86. Rf7 Ke2 87. Re7+ Kf3 88. Rf7+ Kg2 89. Rg7+ Kh1 90. Rf7 Rh3+ 91. Ka2 Kg2 92. Rg7+ Kf3 93. Rf7+ Ke3 94. Re7+ Kd3 95. Rf7 Rh2 96. h8=Q f1=Q+ 97. Qxh2 Qxf7+ 98. Ka1 Qa7+ 99. Qa2 Qxa2+ 100. Kxa2 {½-½ Murzin,V (2513)-Yoo,C (2466) Hou Yifan Challenge chess24.com INT rapid 2021 (1)}) 10... Rc8 11. Qd2 c5 {[#]} 12. bxc5 $146 ({Predecessor:} 12. d5 Qc7 13. bxc5 Nxc5 14. Bd4 e5 15. Bxc5 Qxc5 16. Ne2 Bxd5 17. Ng5 Bb7 18. c4 h6 19. Nf3 Bxe4 {0-1 Medger,G (1791)-Zachos,I (1869) Ruhrgebiet Verbandsklasse Gruppe 3 1415 Germany 2014 (2.8)}) 12... dxc5 13. d5 Ne8 14. Bh6 Qc7 15. Bxg7 Kxg7 16. Qg5 h6 17. Qxe7 c4 18. Be2 Nef6 19. d6 Qa5 20. e5 Bxf3 21. Bxf3 Qxc3 22. exf6+ Nxf6 23. d7 Rcd8 24. Rad1 Qxc2 25. Rd6 Qf5 26. Bc6 h5 27. Re1 c3 28. Re5 Qf4 29. g3 c2 30. gxf4 c1=Q+ 31. Kg2 Qxf4 32. Kh1 Qxf2 33. Ree6 Qf1+ 34. Kh2 Qf4+ 35. Kh1 Qf1+ 1/2-1/2

[Event "2024 New Year TNM: 2000+"]
[Site "San Francisco"]
[Date "2024.01.30"]
[Round "4.9"]
[White "Parsons, Stephen"]
[Black "Riese, Kayven"]
[Result "1-0"]
[WhiteElo "1804"]
[BlackElo "1900"]
[PlyCount "53"]
[EventDate "2024.01.09"]
[EventType "swiss"]
[EventRounds "7"]

1. e4 c5 2. g3 g6 3. Bg2 Bg7 4. Ne2 Nc6 5. c3 Nf6 6. O-O O-O 7. d4 cxd4 8. cxd4 d5 9. e5 Ne8 10. Nbc3 Nc7 11. Nf4 e6 12. Be3 Bd7 13. Qd2 f5 14. Ncxd5 exd5 15. Nxd5 Nxd5 16. Bxd5+ Kh8 17. Bg5 Qb6 18. Rfd1 Rae8 19. a3 Ne7 20. Ba2 Ba4 21. Rdc1 Nc6 22. Be3 Na5 23. d5 Qa6 24. e6 Nb3 25. Bxb3 Bxb3 26. Bd4 Qd6 27. Bxg7+ 1-0

[Event "2024 New Year TNM: 1600-1999"]
[Site "San Francisco"]
[Date "2024.01.30"]
[Round "4.10"]
[White "Wong, Wilson"]
[Black "Marvin, Hayes Alexander"]
[Result "1-0"]
[WhiteElo "1883"]
[BlackElo "1649"]
[Annotator "Wong,Wilson"]
[PlyCount "81"]
[EventDate "2024.01.09"]
[EventType "swiss"]
[EventRounds "7"]

1. e4 e5 2. Nf3 Nf6 3. Nc3 {I'm unsure how to approach the Petroff and avoid draw-ish lines so I opted to just keep the center closed and be ready to play a slower maneuvering game, and build a large enough advantage over a long game to convert.} Bc5 {This hangs a pawn but maybe opponent wanted to set up a fishing pole trap.} 4. Nxe5 {Black will be under lots of pressure to make something happen now since Black is giving up their center pawn, while White still has both.} Nc6 {Main move in high rated online games.} 5. Nxc6 {Trading makes the most sense to me, just trying to finish development as soon as possible then secure the extra pawn. 5.Nf3 is also commonly played, but that seems like a really bad idea to me since it wastes time, and keeps pieces on the board, when White wants to reduce attackers and consolidate.} dxc6 {Black has a nice development lead and open lines, but White will be in time to O-O.} 6. Be2 $4 {I thought this was the only move, as passive as it is, and it looked like black would be able to win back the pawn. This move went from winning to equal. White had many alternatives, including h3, Qe2, f3, and the odd looking Qf3.} (6. h3 {Stockfish's recommendation and the best performing move. I didn't even consider this. This simple pawn move is really effective in killing Black's attacking ability, and its much safer to make this pawn move since I haven't O-O yet.}) 6... Qd4 {It looks like White will be able to win back the pawn and still have active pieces.} 7. O-O h5 {I suspected Black would go for the fishing pole setup.} (7... Nxe4 {Black had a chance to bail out into an equal position.}) 8. d3 {White's top priority is to not get checkmated. The h-file will open for Black so White needs to develop and trade in a manner so that White doesn't get mated by ...Qxh2#. Black's c5-bishop will be effective in keeping White's king from being able to flee in the short-term.} Ng4 9. Bxg4 hxg4 {Black is eyeing h2-square with their queen.} 10. Bf4 {White needs to protect h2-square.} Bd6 11. Qd2 {The top priority is to protect h2-square. When Black's queen tries to reroute to focus h2-square, f2-pawn will be unpinned, allowing f4, giving White a flight square.} g5 12. Bxd6 Qxd6 13. g3 {White is totally safe. Black won't be able to stop an eventual f4 and tripling on h-file would take too long.} Qf6 {Black temporarily stops f4, but White will be able to break free, and there is no attack on h2-square. h2-square is too easily defendable for White.} 14. e5 {Deflecting Black's queen and freeing e4-square for White's c3-knight.} Qh6 15. f4 {White's king is safe and White will start counterplay on kingside. My main goal will be to develop both my rooks while keeping my king safe, and maybe get my knight to f6-square.Black's f7- and g4-pawns can possibly be targeted depending on where Black's light-squared bishop is or if it gets swapped off.} gxf3 16. Rxf3 Qh5 {This wastes time doing nothing.} (16... Be6 {Black could continue development.}) 17. Raf1 Be6 18. Ne4 O-O-O 19. Nxg5 Bd5 20. Rxf7 Qg4 21. Qf4 {Not the best, but this gives back a pawn but gets queens off the board. I had to worry about potential ...Rxh2 tactics in the position, and it looked like material could drop after ...Qd4 so I thought this was a good decision. The ending should be easy to win since I have 2 on 0 kingside pawns, more active pieces, and Black is nowhere near ready to get counterplay.} Qe2 22. Qf2 Qxe5 23. Qf5+ Qxf5 24. R7xf5 {This endgame is easily winning. My rooks are more active and my knight can't be challenged. I can improve my pieces, making it really difficult for Black to do anything, and it shouldn't be hard to get into a position where Black has nothing better than to trade. A minor piece endgame should be easily winning, just marching down my kingside pawns, so it is beneficial for me to trade any number of rooks.} Rh5 25. h4 {I need to kill Black's counterplay then I will be free to march my kingside pawns down the board. Getting my rooks on the 7th will kill Black's king activity and possibly tie Black to a defensive position. I think b3 at some point is a good idea to kill Black's bishop and to freeze the queenside.} c5 26. b3 {The idea is to freeze the queenside, giving me time to improve my rooks and further tie down Black. Once Black has no counterplay, I'll improve my king and have it support my kingside pawns.} b6 27. Re1 Bc6 28. Re7 Re8 29. Rxe8+ Bxe8 30. Rf8 Kd7 31. Ne4 Rh6 32. Nf6+ Ke7 33. Rxe8+ Kxf6 {This is completely winning since there are pawns on both sides, it would take Black too long to push those pawns down, and Black won't be able to blockade connected passed pawns. I'm not 100% sure what the best way to go about converting this ending than to just have my king support my kingside pawns march up the board. I think pushing h-pawn ahead of g-pawn is the way, with my rook checking Black's king if Black tries to sit in front of my backward kingside pawn. Still, marching my pawns and king up the board is a very slow process, giving Black time to target my queenside pawns with their rook, but in the current position, Black's pawns haven't moved far and it would take awhile for Black to get their rook to the second rank.} 34. Kg2 Rh7 35. Kh3 Rg7 36. g4 Rf7 37. h5 (37. g5+ {I wasn't sure what to do after this, but Black's rook being on the same file lets this work since I can skewer Black's king.} Kf5 38. Re2) 37... Kg5 38. Kg3 (38. Re5+ Kf4 {I kept not seeing this resource during the game.}) 38... Rf1 39. Re5+ Kh6 40. Re6+ Kg5 (40... Kg7 {I think this ending with two connected passed pawns is a win, but if time is a factor, and Black had pawns of their own, I think I need my rook to make progress, checking Black's king out of the way.}) 41. Rg6# 1-0

[Event "2024 New Year TNM: 1600-1999"]
[Site "San Francisco"]
[Date "2024.01.30"]
[Round "4.11"]
[White "Ross, Max L"]
[Black "Perumov, Stanislav"]
[Result "1-0"]
[WhiteElo "1653"]
[BlackElo "1731"]
[PlyCount "133"]
[EventDate "2024.01.09"]
[EventType "swiss"]
[EventRounds "7"]

1. d4 Nf6 2. c4 e6 3. Nf3 d5 4. g3 c6 5. Bg2 Nbd7 6. O-O Be7 7. b3 b6 8. Nc3 Bb7 9. Bb2 O-O 10. Rc1 Qb8 11. Qc2 Rc8 12. Nd2 c5 13. Nd1 dxc4 14. bxc4 Bxg2 15. Kxg2 Qb7+ 16. Kg1 cxd4 17. Bxd4 Nc5 18. Qc3 Rd8 19. Nb3 Nce4 20. Qf3 Qa6 21. Rc2 Rac8 22. Ne3 Rc7 23. Rfc1 Rcd7 24. Ba1 h6 25. Ng4 Ng5 26. Nxf6+ Bxf6 27. Qe3 Rd1+ 28. Kg2 Qb7+ 29. f3 Bxa1 30. Nxa1 Nh7 31. Rxd1 Rxd1 32. Nb3 Nf6 33. Rd2 Rxd2 34. Qxd2 Qc7 35. Qd4 e5 36. Qd3 Qc6 37. Nd2 Qc7 38. Ne4 Nxe4 39. Qxe4 g6 40. Qd5 Kg7 41. Qe4 a6 42. Qd3 Qc5 43. Qc3 b5 44. f4 f6 45. fxe5 fxe5 46. Qd3 Qc6+ 47. Qd5 Qxd5+ 48. cxd5 e4 49. Kf2 Kf6 50. Ke3 Ke5 51. d6 Kxd6 52. Kxe4 a5 53. Kd4 b4 54. Kc4 Kc6 55. e4 g5 56. e5 h5 57. h4 gxh4 58. gxh4 a4 59. Kxb4 Kd5 60. Kxa4 Kxe5 61. Kb5 Kf4 62. a4 Kg4 63. a5 Kxh4 64. a6 Kg3 65. a7 h4 66. a8=Q h3 67. Qh1 1-0

[Event "2024 New Year TNM: 1600-1999"]
[Site "San Francisco"]
[Date "2024.01.30"]
[Round "4.12"]
[White "Cooper, Lee"]
[Black "Mercado, Adam"]
[Result "1-0"]
[WhiteElo "1691"]
[BlackElo "1752"]
[PlyCount "91"]
[EventDate "2024.01.09"]
[EventType "swiss"]
[EventRounds "7"]

1. d4 d5 2. c4 c6 3. Nc3 Nf6 4. Nf3 dxc4 5. a4 Bf5 6. e3 Na6 7. Bxc4 Nb4 8. O-O e6 9. b3 Bd6 10. Qe2 Ne4 11. Bb2 O-O 12. Nxe4 Bxe4 13. Nd2 Bg6 14. e4 a6 15. Nf3 b5 16. Bd3 Nxd3 17. Qxd3 Qb6 18. Qe3 c5 19. a5 Qc6 20. dxc5 Qxc5 21. Bd4 Qc2 22. e5 Bb4 23. Rfc1 Qd3 24. Qxd3 Bxd3 25. Bc5 Bxc5 26. Rxc5 Rfd8 27. Rac1 h6 28. h3 Kf8 29. Ne1 Be2 30. f3 g5 31. Kf2 Bd1 32. b4 Rd2+ 33. Kf1 Be2+ 34. Kg1 Bc4 35. Nc2 Rd3 36. Kf2 h5 37. Ne3 Rd2+ 38. Kg3 Bd3 39. R1c3 Rd8 40. f4 h4+ 41. Kg4 Re2 42. Kf3 Re1 43. fxg5 Kg7 44. Kf2 Re2+ 45. Kf3 Rd4 46. Rxd3 1-0

[Event "2024 New Year TNM: 1600-1999"]
[Site "San Francisco"]
[Date "2024.01.30"]
[Round "4.14"]
[White "Chan, John"]
[Black "Dutter, Frederic"]
[Result "0-1"]
[WhiteElo "1517"]
[BlackElo "1900"]
[Annotator "Winslow,Elliott"]
[PlyCount "88"]
[EventDate "2024.01.09"]
[EventType "swiss"]
[EventRounds "7"]

1. Nf3 Nf6 2. c4 g6 3. Nc3 d5 4. e3 Bg7 5. d4 O-O 6. Bd3 c5 7. O-O cxd4 8. exd4 Nc6 9. c5 Bg4 10. Be3 e5 {[#]} 11. Be2 exd4 12. Nxd4 Bxe2 13. Ncxe2 Ng4 14. Bf4 Re8 15. h3 Nxd4 16. Nxd4 Re4 17. Ne2 Nf6 18. Rb1 Qe8 19. Re1 Qb5 20. Be3 Qd7 21. Nc3 Ree8 22. Bd4 Rxe1+ 23. Qxe1 Re8 24. Qd2 Ne4 25. Nxe4 dxe4 {[#]} 26. Rd1 Rd8 27. Be3 Qxd2 28. Rxd2 Rxd2 29. Bxd2 Bxb2 30. Be3 a6 31. Kf1 f5 32. f3 exf3 33. gxf3 Kf7 34. Ke2 Ke6 35. Kd3 Kd5 36. Bf2 Ba3 37. Kc3 Bxc5 38. Bxc5 Kxc5 39. h4 b5 40. a3 a5 41. f4 b4+ 42. axb4+ axb4+ 43. Kb3 Kb5 44. Ka2 Kc4 0-1

[Event "2024 New Year TNM: 1600-1999"]
[Site "San Francisco"]
[Date "2024.01.30"]
[Round "4.16"]
[White "Tirouvingadame, Arivoli"]
[Black "Casares, Nick"]
[Result "1-0"]
[WhiteElo "1732"]
[BlackElo "1600"]
[PlyCount "91"]
[EventDate "2024.01.09"]
[EventType "swiss"]
[EventRounds "7"]

1. e4 e5 2. Nf3 Nc6 3. Bb5 a6 4. Ba4 Nf6 5. O-O b5 6. Bb3 Bc5 7. Re1 O-O 8. c3 d5 9. exd5 e4 10. dxc6 exf3 11. d4 Bd6 12. Qxf3 Bg4 13. Qd3 Re8 14. Be3 Bxh2+ 15. Kxh2 Qd6+ 16. Kg1 Rad8 17. Nd2 Qxc6 18. Bg5 Rd6 19. Bf4 Rdd8 20. Nf3 Be6 21. Bxe6 fxe6 22. Ne5 Qd5 23. Qf3 c5 24. Qxd5 Nxd5 25. Be3 c4 26. Bg5 Rc8 27. Re4 b4 28. cxb4 c3 29. bxc3 Nxc3 30. Ree1 Nd5 31. Rab1 Rc2 32. a3 Rf8 33. Nf3 Nc3 34. Ra1 Ne2+ 35. Kh1 Rf5 36. Be3 Rh5+ 37. Nh2 g5 38. Rxe2 Rxe2 39. g3 Rc2 40. Kg2 Rc7 41. Ng4 Rf7 42. Rc1 a5 43. Rc8+ Kg7 44. b5 a4 45. b6 Rb7 46. Rc7+ 1-0

[Event "2024 New Year TNM: 1600-1999"]
[Site "San Francisco"]
[Date "2024.01.30"]
[Round "4.17"]
[White "Jian, Sheng"]
[Black "Babayan, Gagik"]
[Result "0-1"]
[WhiteElo "1674"]
[BlackElo "1709"]
[PlyCount "47"]
[EventDate "2024.01.09"]
[EventType "swiss"]
[EventRounds "7"]

1. e4 d6 2. d4 Nf6 3. Nc3 g6 4. Be3 Bg7 5. f3 O-O 6. Qd2 e5 7. d5 a6 8. O-O-O b5 9. Bh6 Ne8 10. h4 Bxh6 11. Qxh6 Qf6 12. g4 Qg7 13. Qe3 h6 14. Nh3 Nd7 15. Ne2 Kh7 16. Ng3 Nb6 17. Be2 Rh8 18. f4 exf4 19. Qxf4 Na4 20. c3 b4 21. Rd4 Rb8 22. Qf2 Bd7 23. Bd1 Nc5 24. Rxb4 0-1

[Event "2024 New Year TNM: 1600-1999"]
[Site "San Francisco"]
[Date "2024.01.30"]
[Round "4.18"]
[White "Tam, Hoa Long"]
[Black "Horde, Nicolas T"]
[Result "0-1"]
[WhiteElo "1721"]
[BlackElo "1571"]
[Annotator "Horde,Nicolas T"]
[PlyCount "62"]
[EventDate "2024.01.09"]
[EventType "swiss"]
[EventRounds "7"]

1. e4 c6 2. d4 d5 3. exd5 cxd5 4. c4 Nf6 5. Nc3 Nc6 6. Bg5 dxc4 7. d5 Ne5 8. Qd4 h6 $1 9. Bh4 (9. Bf4 {A little more precise} Ng6) 9... Ng6 10. Bg3 e5 (10... e6 {The calmer option} 11. Bxc4 exd5 12. Rd1 Qa5 13. Bb5+ Bd7 14. Bxd7+ Kxd7 $1 (14... Nxd7 $6 15. Qxd5 Qxd5 16. Nxd5 Rc8 17. Nf3)) 11. Qxc4 (11. Bxe5 Nxe5 12. Qxe5+ Be7 13. Bxc4 O-O {The variation I calculated, Black has gambited a pawn in exchange for the bishop pair and a much easier game. SF already prefers Black as the d5 pawn is difficult to maintain}) 11... Bd7 12. Bd3 Rc8 (12... b5 $1 {I spent a lot of time trying to make this move work, it's a recurrent idea in those type of positions but I missed the last move} 13. Nxb5 {The critical variation to calculate} Rc8 14. Qb3 Qa5+ $1 {The key idea that I missed, I only considered Qb6} (14... Qb6 $2 {I could not find an advantage here so I discarded b5 due to this variation}) 15. Kf1 Rb8 16. a4 a6) 13. Qb3 Qa5 (13... e4 {The second option} 14. Nxe4 Nxe4 15. Bxe4 Qa5+) 14. Nge2 Bd6 $1 {The best square as it defends b7 with tactics} (14... Bb4 $6 {If Black had an extra tempo, the queen would had been trapped after Ba4 but White has time to castle}) 15. O-O (15. Qxb7 $2 Rb8 16. Qa6 Qxa6 17. Bxa6 Rb6 18. Bc4 Rxb2 19. O-O) 15... a6 $2 {The idea was to prevent Nb5 which is very annoying. I miscalculated that it's actually not possible} (15... O-O $1 16. Qxb7 Rb8 17. Qa6 Qxa6 18. Bxa6 Rxb2 {Black has the activity and a better pawn structure}) 16. Ne4 $2 {I did not expect that move as White has an IQP and the last thing they want to do is to start trading minor pieces} (16. Qxb7 $1 Rb8 17. Qxa6 Qxa6 18. Bxa6 Rxb2 {White is up a clean passed pawn}) 16... Nxe4 17. Bxe4 O-O $2 (17... f5 $1 {I considered this move but did not see a clear continuation as moving either the e or f pawn drops a piece} 18. Bd3 Ne7 $1 {Threatens f5 to trap the bishop and attack the d5 pawn, this is why castling was imprecise as it loses a critical tempo} 19. h3 f4 20. Bh2 Qxd5 {Wins a clear pawn}) 18. Bxg6 $1 {The reason why f5 was necessary a move before. Black is still doing fine though with the bishop pair in an open position} fxg6 19. Nd4 $6 (19. Nc3 $1 {In our post mortem we thought this was probably the best move as the e2 knight is being rerouted to its best square on e4}) 19... Ba4 $6 {This is the critical moment of the game. The queen is the only defender of the d5 pawn. I think White did not realize the danger of the position, there's only one move to save the game} (19... Rf7 $1 {More precise as it covers the b7 pawn} 20. Nf3 Ba4 {In that order} 21. Qe3 (21. Qd3 Bb5 22. Qxg6 Bxf1 23. Qxd6 Be2) 21... Qxd5 22. b3 Bb5 23. Rfd1 Qe6) 20. Qd3 $4 {Complete implosion} (20. Qxb7 $1 {This is why Rf7 first was important to cover the b7 pawn} Rb8 21. Nc6 $1 {I saw that move after playing Ba4, this basically forces Black to give up the bishop pair} Bxc6 22. Qxc6 Rf6) 20... Qxd5 21. Qxg6 Qxd4 {Black is up an entire piece, has the bishop pair in an open position and the activity, the rest of the game is just conversion} 22. b3 Be8 23. Qe6+ Bf7 24. Qh3 Rc2 $1 {The move is targeted to counter Rd1} 25. Rad1 Rd2 $1 26. Rxd2 Qxd2 {White can't challenge the light squares anymore} 27. Qd7 Qd5 $1 {The final move to remove any counterplay for White. The queen is on the best square as she defends b7, d1 and attacks g2.} 28. h3 Be6 29. Qa4 Bc5 30. Qh4 Bd7 31. Qh5 Bc6 {White can't contest the light squares so this closes the game} 0-1